Case files. (رقم التسجيلة. 18922)

تفاصيل مارك
000 -الفاتح
حقل البيانات ثابتة الطول 01362aam a2200397 a 4500
001 - رقم الضبط
رقم الضبط 014536632
003 - محدد رقم الضبط
رقم الضبط Uk
005 - وقت وتاريخ اخر تعامل مع التسجيلة
رقم الضبط 20150408113951.0
008 - عناصر البيانات ثابتة الطول - معلومات عامة
حقل البيانات ثابتة الطول 111130s2008 nyua b 001 0 eng
010 ## - رقم ضبط مكتبة الكونجرس
رقم ضبط مكتبة الكونجرس 2007038259
015 ## - رقم الببليوجرافية الوطنية
رقم الببليوجرافية الوطنية GBA824805
المصدر bnb
020 ## - الرقم الدولى المعيارى للكتب
الرقم الدولى المعيارى للكتاب 9780071492584 (pbk.)
020 ## - الرقم الدولى المعيارى للكتب
الرقم الدولى المعيارى للكتاب 0071492585 (pbk.)
020 ## - الرقم الدولى المعيارى للكتب
الرقم الدولى المعيارى للكتاب 9780071278874
040 ## - مصدر الفهرسة
وكالة الفهرسة الأصلية StDuBDS
لغة الفهرسة eng
وكالة النسخ StDuBDS
وكالة التعديل Uk
042 ## - رمز التحقق
رمز التحقق ukblsr
050 10 - رقم طلب مكتبة الكونجرس
رقم التصنيف QR46
رقم المادة .C356 2008
082 00 - رقم تصنيف ديوى العشرى
رقم التصنيف 616.9041 C A M
رقم الطبعة 22
245 00 - بيان العنوان
العنوان Case files.
اسم جزء/قسم العمل Microbiology /
بيان المسئوليه,etc Eugene C. Toy ... [et al.].
246 30 - العنوان الموازى
عنوان صحيح/عنوان مختصر Microbiology
250 ## - بيان الطبعة
بيان الطبعة 2nd ed.
260 ## - PUBLICATION, DISTRIBUTION, ETC. (IMPRINT)
مكان الناشر او الموزع New York :
اسم الناشر او الموزع McGraw-Hill Medical ;
مكان الناشر او الموزع London :
اسم الناشر او الموزع McGraw-Hill [distributor],
تاريخ النشر أو التوزيع 2008.
300 ## - الوصف المادى
التعداد xiv, 382 p. :
تفاصيل ماديه اخرى للوعاء ill. ;
أبعاد الوعاء 23 cm.
500 ## - تبصرة عامة
تبصرة عامة Formerly CIP.
الهيئة التي ينطبق عليها الحقل Uk
504 ## - تبصرة ببليوجرافية
تبصرة ببليوجرافية,الخ Includes bibliographical references and index.
650 22 - المدخل الاضافى بالموضوع-مصطلح موضوعى
مصطلح موضوعي أو اسم جغرافي كعنصر مدخل Clinical Medicine
التقسيم الفرعي الشكلي Problems and Exercises.
9 (RLIN) 6238
650 #0 - المدخل الاضافى بالموضوع-مصطلح موضوعى
مصطلح موضوعي أو اسم جغرافي كعنصر مدخل Medical microbiology
التقسيم الفرعي الشكلي Case studies.
9 (RLIN) 6606
650 12 - المدخل الاضافى بالموضوع-مصطلح موضوعى
مصطلح موضوعي أو اسم جغرافي كعنصر مدخل Microbiology
التقسيم الفرعي الشكلي Case Reports.
9 (RLIN) 6607
650 12 - المدخل الاضافى بالموضوع-مصطلح موضوعى
مصطلح موضوعي أو اسم جغرافي كعنصر مدخل Microbiology
التقسيم الفرعي الشكلي Problems and Exercises.
9 (RLIN) 6608
650 22 - المدخل الاضافى بالموضوع-مصطلح موضوعى
مصطلح موضوعي أو اسم جغرافي كعنصر مدخل Anti-Infective Agents
التقسيم الفرعي الشكلي Problems and Exercises.
9 (RLIN) 6609
650 22 - المدخل الاضافى بالموضوع-مصطلح موضوعى
مصطلح موضوعي أو اسم جغرافي كعنصر مدخل Clinical Medicine
التقسيم الفرعي الشكلي Case Reports.
650 22 - المدخل الاضافى بالموضوع-مصطلح موضوعى
مصطلح موضوعي أو اسم جغرافي كعنصر مدخل Anti-Infective Agents
التقسيم الفرعي الشكلي Case Reports.
9 (RLIN) 6610
700 1# - المدخل الاضافى - اسم شخصى
الإسم الشخصى Toy, Eugene C.
9 (RLIN) 6611
942 ## - عناصر المدخل الإضافي( كوها)
مصدر التصنيف او مخطط الترفيف Dewey Decimal Classification
Koha [default] item type DVD
المقتنيات
حالة الفقد نموذج السعر الفعال حالة تلف ليس للاعارة رقم الطلب تاريخ الاكتساب مصدر التزويد الموقع الحالي الباركود الفرع الرئيسي Date last seen نوع المادة فى نظام كوها مصدر التصنيف او خطة الترفيف Total Checkouts رقم النسخة
  2013-08-23     616.9041 C A M 2013-08-23   المكتبة المركزية بالمجمعة (CL) 00450696 المكتبة المركزية بالمجمعة (CL) 2013-08-23 كتاب Dewey Decimal Classification   1
  2013-08-23     616.9041 C A M 2013-08-23   المكتبة المركزية بالمجمعة (CL) 00450695 المكتبة المركزية بالمجمعة (CL) 2013-08-23 كتاب Dewey Decimal Classification   2
  2013-08-23   Not For Loan 616.9041 C A M 2013-08-23   المكتبة المركزية بالمجمعة (CL) 00450694 المكتبة المركزية بالمجمعة (CL) 2013-08-23 كتاب Dewey Decimal Classification   3
  2013-03-10     616.9041 C A M 2011-11-30 MU مكتبة مجمع الطالبات بالمجمعة (EMF) 00101390 مكتبة مجمع الطالبات بالمجمعة (EMF) 2013-03-10 كتاب Dewey Decimal Classification    
  2013-03-10     616.9041 C A M 2011-12-02   مكتبة مجمع الطالبات بالمجمعة (EMF) 00101288 مكتبة مجمع الطالبات بالمجمعة (EMF) 2013-03-10 كتاب Dewey Decimal Classification    
  2013-03-10     616.9041 C A M 2011-12-02   مكتبة مجمع الطالبات بالمجمعة (EMF) 00101289 مكتبة مجمع الطالبات بالمجمعة (EMF) 2013-03-10 كتاب Dewey Decimal Classification